Un mundo desbocado (Record no. 16371)

MARC details
000 -LEADER
campo de control de longitud fija 00736nam a2200241 i 4500
001 - NÚMERO DE CONTROL
campo de control 16371
003 - IDENTIFICADOR DE NÚMERO DE CONTROL
campo de control ES-MaACL
005 - FECHA Y HORA DE LA ÚLTIMA TRANSACCIÓN
campo de control 20250815125459.0
007 - CAMPO FIJO DE DESCRIPCIÓN FÍSICA--INFORMACIÓN GENERAL
campo de control de longitud fija t|
008 - DATOS DE LONGITUD FIJA--INFORMACIÓN GENERAL
campo de control de longitud fija 000904s2000 sp ||||1| spa d
020 ## - NÚMERO INTERNACIONAL ESTÁNDAR DEL LIBRO
Número Internacional Estándar del Libro 84-306-0385-9
080 ## - NÚMERO DE LA CLASIFICACIÓN DECIMAL UNIVERSAL
Número de la Clasificación Decimal Universal 316.42"19"
100 1# - ENTRADA PRINCIPAL--NOMBRE DE PERSONA
Nombre de persona Giddens, Anthony.
9 (RLIN) 56672
245 13 - MENCIÓN DEL TÍTULO
Título Un mundo desbocado
Resto del título : los efectos de la globalización en nuestras vidas /
Mención de responsabilidad, etc. Anthony Giddens ; traducción de Pedro Cifuentes.
260 ## - PUBLICACIÓN, DISTRIBUCIÓN, ETC.
Lugar de publicación, distribución, etc. Madrid :
Nombre del editor, distribuidor, etc. Taurus,
Fecha de publicación, distribución, etc. [2000]
300 ## - DESCRIPCIÓN FÍSICA
Extensión 117 p. ;
Dimensiones 22 cm.
490 1# - MENCIÓN DE SERIE
Mención de serie Pensamiento
650 14 - PUNTO DE ACCESO ADICIONAL DE MATERIA--TÉRMINO DE MATERIA
Término de materia o nombre geográfico como elemento de entrada Cambio social-
Subdivisión cronológica S.XX
9 (RLIN) 10696
700 1# - ENTRADA AGREGADA--NOMBRE PERSONAL
Nombre de persona Cifuentes, Pedro.
9 (RLIN) 38806
830 0# - PUNTO DE ACCESO ADICIONAL DE SERIE-TÍTULO UNIFORME
Título uniforme Pensamiento
9 (RLIN) 178722
852 ## - LOCALIZACIÓN
Ubicación ES-MaACL
Número de control de estantería L-23499
Sublocalización o colección R.128945
Holdings
Estatus retirado Estado de pérdida Estado de daño No para préstamo Biblioteca de origen Biblioteca actual Ubicación en estantería Fecha de adquisición Fuente de adquisición Total de préstamos Signatura topográfica completa Código de barras Visto por última vez Precio de reemplazo Tipo de ítem Koha
        Biblioteca del Ateneo de Madrid Biblioteca del Ateneo de Madrid Depósito 2 17/01/2008     L-23499 1016633 23/02/2023 23/02/2023 Libro impreso